000 00861nam a2200241 a 4500
999 _c10572
_d10572
001 10572
003 BD-JhCC
005 20180723084637.0
008 180723s2005 bg a|||| |||| 00| 0 mul d
020 _a9844600000
035 _a(BD-JhCC)10572
040 _aBD-JhCC
_dBD-JhCC
041 _aBengali and English
082 _a808.85
_bUDD 2005
100 _aউদ্দীন, জসীম
245 _aকবি জসীম উদ্দীনের ভাষণ /
_cজসীম উদ্দীন, খুরশীদ আনোয়ার জসীমউদ্দীন (সম্পা.)
260 _aঢাকা :
_bপলাশ,
_c2005
300 _a176 p. :
_bill.;
_c21 cm.
650 _aSpeeches
650 _aSpeeches, addresses, etc
700 _aজসীমউদ্দীন, খুরশীদ আনোয়ার
942 _2ddc
_cBK